Score 0/24 Timer 08:00
0 Plays Today
% Correct
John Fitzgerald Kennedy
99.4%
Adolf Hitler & Alfred Jodl
94.8%
Joseph Stalin
94.2%
Vladimir Putin
93.9%
Napoleon & Alexander I of Russia
92.2%
Mao Zedong
81.5%
Condoleezza Rice, George W. Bush, George Tenet & Andrew Card
79.3%
Franklin Delano Roosevelt
71.6%
Yasser Arafat
61.2%
Colin Powell
59.9%
Geoffrey Keyes, Bernard Montgomery & George S. Patton
59.3%
Georg von Bismarck & Erwin Rommel
55.3%
% Correct
Emperor Hirohito
49.4%
George P. Putnam & Amelia Earhart
46.8%
Charles de Gaulle
41.2%
Abdul Sattar & Donald Rumsfeld
40.8%
Benito Mussolini
35.5%
James Monroe and his cabinet
31%
Paul von Hindenburg, Kaiser Wilhelm II & Erich von Ludendorff
30.1%
Ahmed Ismail, Anwar Sadat & Sadedin Shazli
29.9%
Daniel Arthur Sandford, Haile Selassie & Orde Wingate
25.3%
Peter the Great
21.5%
James Cook
18.4%
George Marshall
15.4%
Come Together.
Have Fun.
All Virtual.
We all need to come together. Play Sporcle's virtual live trivia to have fun, connect with people, and get your trivia on. Join a live hosted trivia game for your favorite pub trivia experience done virtually. If a virtual private party is more your thing, go here for details.

You're not logged in!

Compare scores with friends on all Sporcle quizzes.
OR
Log In

Sporcle TV

Today on Sporcle TV


Watch our educational content, quiz creation guides, and fun videos on Sporcle TV.

Show Comments

Extras

Top Quizzes Today


Score Distribution

Paid Content

Your Account Isn't Verified!

In order to create a playlist on Sporcle, you need to verify the email address you used during registration. Go to your Sporcle Settings to finish the process.

Report this User

Report this user for behavior that violates our Community Guidelines.

Details: